[Event "Moscow op-A 13th"]
[Site "Moscow"]
[Date "2017.02.04"]
[Round "8"]
[White "Bujakevich, Aleksandr"]
[Black "Papazian, Eduard"]
[Result "1-0"]
[WhiteElo "2134"]
[BlackElo "2192"]
[PlyCount "42"]
[EventDate "2017.01.28"]
[EventType "swiss"]
[EventRounds "9"]
[EventCountry "RUS"]
[SourceTitle "EXT 2018"]
[Source "ChessBase"]
[SourceDate "2017.10.13"]
[SourceVersion "1"]
[SourceVersionDate "2017.10.13"]
[SourceQuality "1"]

1. e4 e6 2. d4 d5 3. Nd2 Be7 4. c3 c5 5. exd5 exd5 6. dxc5 Bxc5 7. Nb3 Bb6 8. Nf3 Nf6 9. Bb5+ Nc6 10. Nbd4 0-0 11. 0-0 Qd6 12. h3 Ne4 13. Be3 Bc7 14. c4 a6 15. Bxc6 bxc6 16. cxd5 cxd5 17. Ne2 Qg6 18. Bf4 Bb6 19. Qxd5 Be6 20. Qc6 Ba7 21. Ne5 Rac8 1-0

[Event "Moscow op-A 13th"]
[Site "Moscow"]
[Date "2017.01.30"]
[Round "3"]
[White "Papazian, Eduard"]
[Black "Gurvich, Vitaly"]
[Result "1/2-1/2"]
[WhiteElo "2192"]
[BlackElo "2342"]
[PlyCount "91"]
[EventDate "2017.01.28"]
[EventType "swiss"]
[EventRounds "9"]
[EventCountry "RUS"]
[SourceTitle "EXT 2018"]
[Source "ChessBase"]
[SourceDate "2017.10.13"]
[SourceVersion "1"]
[SourceVersionDate "2017.10.13"]
[SourceQuality "1"]

1. d4 Nf6 2. c4 e6 3. Nc3 Bb4 4. e3 0-0 5. Bd3 d5 6. Nf3 c5 7. a3 Bxc3+ 8. bxc3 dxc4 9. Bxc4 Qc7 10. Ba2 b6 11. 0-0 Bb7 12. Bb2 Nc6 13. Qe2 Rad8 14. Rfd1 Na5 15. Rac1 Ne4 16. Ne5 Qe7 17. f3 Nd6 18. e4 c4 19. a4 f6 20. Ng4 Bc6 21. Ba3 f5 22. e5 fxg4 23. Bxd6 gxf3 24. Bxe7 fxe2 25. Re1 Rf1+ 26. Rxf1 exf1Q+ 27. Rxf1 Rc8 28. h4 Bxa4 29. Bb1 Bc6 30. h5 Bd5 31. g4 Nc6 32. Bd6 b5 33. g5 a5 34. h6 g6 35. Rf6 b4 36. Kf2 bxc3 37. Ke3 Nb4 38. Bxg6 hxg6 39. Rxg6+ Kh8 40. Be7 Rc7 41. Rf6 c2 42. Kd2 c3+ 43. Kc1 Be4 44. Rf8+ Kh7 45. Rf7+ Kg8 46. Rf8+ 1/2-1/2

[Event "Yuzhny FO-ch op"]
[Site "Armavir"]
[Date "2010.03.??"]
[Round "3"]
[White "Gorkavij, Vadim"]
[Black "Papazian, Eduard"]
[Result "1-0"]
[WhiteElo "2356"]
[BlackElo "2116"]
[PlyCount "71"]
[EventDate "2010.03.??"]
[EventType "swiss"]
[EventRounds "9"]
[EventCountry "RUS"]
[SourceTitle "CBM 135 Extra"]
[Source "ChessBase"]
[SourceDate "2010.05.04"]
[SourceVersion "1"]
[SourceVersionDate "2010.05.04"]
[SourceQuality "1"]

1. e4 e6 2. d4 d5 3. Nd2 Nf6 4. Bd3 c5 5. e5 Nfd7 6. c3 Nc6 7. Ne2 cxd4 8. cxd4 f6 9. exf6 Qxf6 10. Nf3 h6 11. 0-0 Bd6 12. Ng3 0-0 13. Bb1 Rd8 14. Qd3 Nf8 15. a3 Bd7 16. Be3 Be8 17. Ba2 Bf7 18. Rac1 e5 19. dxe5 Nxe5 20. Nxe5 Bxe5 21. b4 Ng6 22. Bb1 d4 23. Bd2 Nf4 24. Qh7+ Kf8 25. Rfe1 Bg6 26. Bxf4 Bxh7 27. Bxe5 Qa6 28. Bxh7 Rac8 29. Bxd4 g6 30. Bc5+ Rxc5 31. bxc5 Qf6 32. Rcd1 Qf7 33. Rxd8+ Kg7 34. Bg8 Qc7 35. Rde8 Qxc5 36. h4 1-0

[Event "Yuzhny FO-ch op"]
[Site "Armavir"]
[Date "2010.03.??"]
[Round "9"]
[White "Papazian, Eduard"]
[Black "Dashko, Andrey"]
[Result "1/2-1/2"]
[WhiteElo "2116"]
[BlackElo "2359"]
[PlyCount "92"]
[EventDate "2010.03.??"]
[EventType "swiss"]
[EventRounds "9"]
[EventCountry "RUS"]
[SourceTitle "CBM 135 Extra"]
[Source "ChessBase"]
[SourceDate "2010.05.04"]
[SourceVersion "1"]
[SourceVersionDate "2010.05.04"]
[SourceQuality "1"]

1. d4 Nf6 2. c4 e6 3. Nc3 d5 4. Bg5 c6 5. e3 h6 6. Bxf6 Qxf6 7. Nf3 Nd7 8. Bd3 g6 9. e4 dxc4 10. e5 Qe7 11. Bxc4 Bg7 12. 0-0 0-0 13. Qe2 Nb6 14. Bd3 Rd8 15. Ne4 Bd7 16. h4 Nd5 17. g3 h5 18. Nd6 Be8 19. Ng5 Rxd6 20. exd6 Qxd6 21. Nf3 Rd8 22. Rfd1 Bd7 23. Rac1 Bc8 24. Ne5 Ne7 25. a3 Bf6 26. Kh2 Kg7 27. f4 Nf5 28. Bxf5 exf5 29. Qc2 Be6 30. Qc5 Qb8 31. b4 Rd5 32. Qc3 Qd8 33. Nf3 Rd7 34. Kh3 Rd5 35. Qe3 Qb6 36. Ng5 Rd6 37. Nxe6+ Rxe6 38. Qb3 Qb5 39. Re1 Re4 40. Rxe4 fxe4 41. Qe3 Qd5 42. Re1 Bxd4 43. Qxe4 Qd7+ 44. Kg2 Bf6 45. Qf3 Qf5 46. Qe4 Qd7 1/2-1/2

[Event "RUS-chB U16"]
[Site "Dagomys"]
[Date "2009.04.23"]
[Round "9"]
[White "Palachev, Petr"]
[Black "Papazian, Eduard"]
[Result "0-1"]
[WhiteElo "2094"]
[BlackElo "2077"]
[PlyCount "78"]
[EventDate "2009.04.15"]
[EventType "swiss"]
[EventRounds "9"]
[EventCountry "RUS"]
[SourceTitle "EXT 2010"]
[Source "ChessBase"]
[SourceDate "2010.11.25"]
[SourceVersion "1"]
[SourceVersionDate "2010.11.25"]
[SourceQuality "1"]

1. d4 e6 2. Nf3 c5 3. e3 d5 4. c3 Nc6 5. Bd3 Nf6 6. Nbd2 Bd6 7. 0-0 0-0 8. dxc5 Bxc5 9. e4 e5 10. exd5 Nxd5 11. Ne4 Be7 12. h3 h6 13. Bc4 Be6 14. Qe2 Qc7 15. Rd1 Rad8 16. Ng3 Nxc3 17. bxc3 Bxc4 18. Qc2 Rxd1+ 19. Qxd1 f5 20. Nd2 Be6 21. Qh5 e4 22. Qg6 Rf6 23. Qh5 e3 24. Ndf1 exf2+ 25. Kh1 Qe5 26. Bd2 Bf7 27. Qf3 Bd5 28. Qf4 Qxf4 29. Bxf4 g5 30. Bd2 f4 31. c4 Bxc4 32. Ne4 Re6 33. Nc3 b5 34. Nh2 b4 35. Na4 Bb5 36. Nb2 Bf6 37. Rb1 f1Q+ 38. Nxf1 Bxf1 39. Rxf1 Bxb2 0-1

[Event "RUS-chB U16"]
[Site "Dagomys"]
[Date "2009.04.16"]
[Round "2"]
[White "Papazian, Eduard"]
[Black "Grushin, Stanislav"]
[Result "1-0"]
[WhiteElo "2077"]
[BlackElo "1960"]
[PlyCount "79"]
[EventDate "2009.04.15"]
[EventType "swiss"]
[EventRounds "9"]
[EventCountry "RUS"]
[SourceTitle "EXT 2010"]
[Source "ChessBase"]
[SourceDate "2010.11.25"]
[SourceVersion "1"]
[SourceVersionDate "2010.11.25"]
[SourceQuality "1"]

1. d4 c5 2. d5 Nf6 3. Nc3 g6 4. e4 d6 5. Be2 Bg7 6. Nf3 Bg4 7. Nd2 Bxe2 8. Qxe2 0-0 9. 0-0 Na6 10. Nc4 Nc7 11. a4 b6 12. Rd1 Nd7 13. f4 Rb8 14. e5 dxe5 15. fxe5 e6 16. Ra3 exd5 17. Nxd5 Nxd5 18. Rxd5 Qe7 19. Rad3 Rbd8 20. Qd1 Nxe5 21. Rxd8 Nxc4 22. Rxf8+ Qxf8 23. c3 Bf6 24. Rf3 Bg7 25. Qd5 Ne5 26. Re3 Qe8 27. Re4 Kh8 28. Bf4 f6 29. a5 h6 30. axb6 axb6 31. h3 Qb5 32. Rb4 Qe2 33. Re4 Qb5 34. b4 Qa6 35. Bxe5 fxe5 36. bxc5 bxc5 37. Qxc5 Qa1+ 38. Kh2 Qb1 39. Qd5 Qc1 40. c4 1-0